Guess the Painter #3 - Statistics

General Stats
  • This quiz has been taken 34 times
  • The average score is 8 of 18
Answer Stats
Picture Hint Answer % Correct
The Son of Man René Magritte
87%
The Anatomy Lesson of Dr. Nicolaes Tulp Rembrandt
77%
Death and Life Gustav Klimt
71%
Music Henri Matisse
68%
The Disrobing of Christ El Greco
65%
The Hallucinogenic Toreador Salvador Dalí
61%
Ascent of the Blessed Hieronymus Bosch
58%
The Great Wave off Kanagawa Katsushika Hokusai
55%
White Crucifixion Marc Chagall
55%
Untitled Keith Haring
52%
Arbor Day Grant Wood
39%
Doni Tondo (Doni Madonna) Michelangelo
39%
L.H.O.O.Q. Marcel Duchamp
32%
Isaac Newton William Blake
23%
Sacred and Profane Love Tiziano
10%
The Order of the Night Anselm Kiefer
3%
Drill František Kupka
3%
The Fountain of Youth Lucas Cranach the Elder
3%
No matching quizzes found
Score Distribution
Percent of People with Each Score
Percentile by Number Answered
Your Score History
You have not taken this quiz